The way of all flesh (Registro nro. 87177)

Detalles MARC
000 -ENCABEZADO
Número de control [NR] 00757nam a22002177a 4500
008 - DE LONGITUD FIJA DE DATOS DE ELEMENTOS - INFORMACIÓN GENERAL
Elementos de longitud fija [NR] 130821s xxu gr aeng
040 ## - FUENTE DE CATALOGACION [NR]
Agencia de catalogación original [NR] Co-BoUCM
Idioma de catalogación [NR] spa
041 00 - CODIGO DE IDIOMA [R]
Código de idioma para texto/pista de sonido o título separado [R] Inglés
100 ## - ASIENTO PRINCIPAL--NOMBRE PERSONAL [NR]
Nombre personal [NR] Butler, Samuel
Fechas asociadas con el nombre [NR] 1835-1902
ID Autoridad 130347
245 04 - MENCION DE TITULO [NR]
Título [NR] The way of all flesh
Mención de responsabilidad, etc. [NR] Samuel Butler
260 ## - PUBLICACION, DISTRIBUCION, ETC. (PIE DE IMPRENTA) [R]
Lugar de publicación, distribución, etc. [R] Nueva York (Estados Unidos)
Nombre del editor, distribuidor, etc. [R] Modern Library
Fecha de publicación, distribución, etc. [R] [fecha desconocida]
300 ## - DESCRIPCION FISICA [R]
Extensión [R] 410 páginas
600 ## - ASIENTO SECUNDARIO DE MATERIA - NOMBRE PERSONAL [R]
Nombre personal [NR] Butler, Samuel
Fechas asociadas con el nombre [NR] 1835-1902
9 (RLIN) 130347
600 ## - ASIENTO SECUNDARIO DE MATERIA - NOMBRE PERSONAL [R]
Nombre personal [NR] Butler, Samuel
Fechas asociadas con el nombre [NR] 1835-1902
Subdivisión de forma [R] Autobiografías
9 (RLIN) 150333
650 04 - ASIENTO SECUNDARIO DE MATERIA - TERMINO TEMATICO [R]
Término temático o nombre geográfico como elemento de entrada [NR] Autobiografías
9 (RLIN) 9766
650 04 - ASIENTO SECUNDARIO DE MATERIA - TERMINO TEMATICO [R]
Término temático o nombre geográfico como elemento de entrada [NR] Educación
9 (RLIN) 13779
650 04 - ASIENTO SECUNDARIO DE MATERIA - TERMINO TEMATICO [R]
Término temático o nombre geográfico como elemento de entrada [NR] Novela inglesa
9 (RLIN) 20530
650 04 - ASIENTO SECUNDARIO DE MATERIA - TERMINO TEMATICO [R]
Término temático o nombre geográfico como elemento de entrada [NR] Sátira
9 (RLIN) 24020
650 04 - ASIENTO SECUNDARIO DE MATERIA - TERMINO TEMATICO [R]
Término temático o nombre geográfico como elemento de entrada [NR] Sátira
Subdivisión general [R] Educación
Subdivisión geográfica [R] Inglaterra
9 (RLIN) 24020
942 ## - ELEMENTOS DE ENTRADA AGREGADOS (KOHA)
Tipo de ítem principal el descrito en 300a Libro
Tema principal Biografías
Edición 1
Parte restante de la signatura top. B78W
Título oculto en OPAC No
Sistema de clasificación DEWEY
Clasificación 920.71
Existencias
Signatura topográfica Código de barras Última vez visto Ejemplar Price effective from Tipo de ítem Perdido Sistema de clasificación Dañado No prestable Tipo de ítem específico Suprimido Ubicación habitual Ubicación actual Localización Fecha de creación Forma de adquisición Costo
FCS 920.71 B78W 120000362 06/07/2012 Ej.1 03/02/2013 Libro   DEWEY     Fondos especiales     Archivo Histórico Archivo histórico 28/02/2003 Donación 1000.00